000 00272nam a2200121Ia 4500
008 190216s9999||||xx |||||||||||||| ||und||
100 _aNull
245 0 _aRephearsals
260 _bUniversity Of Calicut
_c1994
300 _a125p
650 _aEnglish Prose
942 _cBK
999 _c13815
_d13815